Idegenforgalmi célú fejlesztések a Szigetközben

Bibliográfiai részletek
Szerző: Brasch Marianna
További közreműködők: Remenyik Dr. Bulcsú
Dokumentumtípus: Diplomadolgozat
Kulcsszavak:Fogászati turizmus
EGÉSZSÉGTURIZMUS
gyógyturizmus
Online Access:http://dolgozattar.uni-bge.hu/23121

MARC

LEADER 00000nta a2200000 i 4500
001 dolg23121
005 20191122101203.0
008 191122suuuu hu om 000 hun d
040 |a BGE Dolgozattár Repozitórium  |b hun 
041 |a hu 
100 1 |a Brasch Marianna 
245 1 0 |a Idegenforgalmi célú fejlesztések a Szigetközben  |c Brasch Marianna  |h [elektronikus dokumentum] 
695 |a Fogászati turizmus 
695 |a EGÉSZSÉGTURIZMUS 
695 |a gyógyturizmus 
700 1 |a Remenyik Dr. Bulcsú  |e ths 
856 4 0 |u http://dolgozattar.uni-bge.hu/23121/1/Brasch%20Marianna_J8Q9AD_TVtur.pdf  |z Dokumentum-elérés